000 00840nam a2200205 a 4500
003 0
005 20250623092700.0
008 021115s19uu xx 00 eng d
050 _aPGS HQ 76.3.P6
_b.Sa244 1998
100 _aSardool, Jonathan.
245 _aPerception of the people towards gays and the different factors that led to their homosexuality /
_cJonathan Sardool.
260 _aLas PiƱas City, Philippines :
_bSouthville International School and Colleges,
_c1998.
300 _a34 pages :
_billustrations ;
_c28 cm.
504 _aIncludes bibliographical references.
650 _aHomosexuality
_vPublic opinion
_zPhilippines.
650 _aGays
_zPhilippines
_vSocial conditions.
650 _a Homosexuality
_vSocial aspects
_zPhilippines.
650 _aSexual orientation
_vPsychological aspects.
942 _2lcc
_cPASS
999 _c96208
_d96208